| 000 | 00372nam a22001457a 4500 | ||
|---|---|---|---|
| 005 | 20240221071210.0 | ||
| 008 | 240221b |||||||| |||| 00| 0 eng d | ||
| 082 |
_222 _a320.54. _bIMA. |
||
| 100 | _aImayavaramban. | ||
| 245 | _aOn national relations in Sri Lanka : | ||
| 260 |
_aMadras : _bChennai Books / _c1988. |
||
| 300 | _a116, p., | ||
| 650 | _aNationalism. | ||
| 942 | _cL | ||
| 999 |
_c462 _d462 |
||